[Event "Gibraltar ChallWk2 11th"]
[Site "Gibraltar"]
[Date "2013.01.26"]
[Round "1.21"]
[White "Osuna Vega, Enrique"]
[Black "Campos Calvo-Sotelo, Juan"]
[Result "1-0"]
[WhiteElo "2157"]
[BlackElo "1978"]
[PlyCount "93"]
[EventDate "2013.01.26"]
[EventType "swiss"]
[EventRounds "5"]
[EventCountry "GGB"]
[SourceTitle "BritBase"]
[Source "www.saund.co.uk"]
[SourceDate "2018.02.10"]
[SourceVersion "1"]
[SourceVersionDate "2018.02.10"]
[SourceQuality "1"]

1. g3 d6 2. d4 c6 3. Bg2 g6 4. e4 Bg7 5. Nc3 Nf6 6. h3 O-O 7. a4 e5 8. dxe5
dxe5 9. Qxd8 Rxd8 10. Nf3 Na6 11. Be3 Nb4 12. Rc1 b6 13. O-O Ba6 14. Rfe1 Nh5
15. Bf1 Bxf1 16. Kxf1 Rd7 17. Red1 Rad8 18. Ke2 f5 19. Bg5 Rxd1 20. Rxd1 Rxd1
21. Kxd1 Kf7 22. Bd8 Ke6 23. Bg5 h6 24. Bd2 a5 25. Nh4 Kf6 26. exf5 gxf5 27. g4
fxg4 28. hxg4 Nf4 29. Ne4+ Ke6 30. Nf5 Bf8 31. Bxb4 axb4 32. Ne3 Nd5 33. Kd2
Nxe3 34. Kxe3 Be7 35. Kd3 Kd5 36. b3 Bd8 37. f3 Be7 38. Nd2 Bd8 39. Nc4 Bc7 40.
Ne3+ Ke6 41. Nf5 Bd8 42. Nxh6 Kd5 43. Nf5 e4+ 44. fxe4+ Ke5 45. Nd4 Bf6 46.
Nxc6+ Kf4 47. e5 1-0

[Event "Gibraltar ChallWk2 11th"]
[Site "Gibraltar"]
[Date "2013.01.26"]
[Round "1.24"]
[White "Petersen, Steffen"]
[Black "Kvisla, Johannes Luangtep"]
[Result "0-1"]
[WhiteElo "1964"]
[BlackElo "2148"]
[PlyCount "104"]
[EventDate "2013.01.26"]
[EventType "swiss"]
[EventRounds "5"]
[EventCountry "GGB"]
[SourceTitle "BritBase"]
[Source "www.saund.co.uk"]
[SourceDate "2018.02.10"]
[SourceVersion "1"]
[SourceVersionDate "2018.02.10"]
[SourceQuality "1"]

1. e4 d6 2. Nf3 Nf6 3. Nc3 e5 4. Bc4 Be7 5. d4 Nbd7 6. Bg5 c6 7. O-O O-O 8. Re1
b5 9. dxe5 dxe5 10. Bxf6 Bxf6 11. Bd3 Nc5 12. a3 Nxd3 13. cxd3 Be6 14. Qc2 Qb6
15. Rac1 Rac8 16. Ne2 Rfd8 17. Ng3 Bg4 18. Nf5 Bxf3 19. gxf3 Bg5 20. Rcd1 g6
21. Ne3 Qc7 22. Kh1 Qe7 23. Rg1 Qf6 24. Qe2 h5 25. Rg2 Bf4 26. Rdg1 Kh7 27. Rd1
Rd6 28. Nc2 Rcd8 29. b4 Qe6 30. d4 exd4 31. Rd3 Qe5 32. Na1 a5 33. Nb3 a4 34.
Nc5 Rb8 35. Rd1 Bh6 36. Nd3 Qe6 37. f4 Re8 38. f3 Qb3 39. e5 Rdd8 40. Rc1 Qe6
41. Qe4 Rc8 42. Qxd4 Red8 43. Qe4 Qd5 44. Rc3 Qxe4 45. fxe4 Rd4 46. e6 fxe6 47.
Ne5 Bxf4 48. Rxc6 Rxc6 49. Nxc6 Rxe4 50. Na7 Re1+ 51. Rg1 Rxg1+ 52. Kxg1 Be3+
0-1

[Event "Gibraltar ChallWk2 11th"]
[Site "Gibraltar"]
[Date "2013.01.26"]
[Round "1.25"]
[White "Jameson, David"]
[Black "Nwachukwu, Chino"]
[Result "1-0"]
[WhiteElo "2143"]
[BlackElo "1962"]
[PlyCount "85"]
[EventDate "2013.01.26"]
[EventType "swiss"]
[EventRounds "5"]
[EventCountry "GGB"]
[SourceTitle "BritBase"]
[Source "www.saund.co.uk"]
[SourceDate "2018.02.10"]
[SourceVersion "1"]
[SourceVersionDate "2018.02.10"]
[SourceQuality "1"]

1. d4 Nf6 2. c4 g6 3. Nc3 d5 4. Nf3 Bg7 5. Bf4 O-O 6. e3 c6 7. Rc1 Nbd7 8. h3
dxc4 9. Bxc4 Nb6 10. Bd3 Nbd5 11. Be5 Qa5 12. Qd2 Nxc3 13. bxc3 Nd7 14. Bxg7
Kxg7 15. O-O e5 16. Qb2 Re8 17. Nd2 Qb6 18. Qc2 Qd8 19. Nc4 exd4 20. cxd4 Nb6
21. Ne5 Qg5 22. f4 Qe7 23. Rf3 Be6 24. f5 gxf5 25. Bxf5 f6 26. Ng4 h5 27. Bxe6
Qxe6 28. Nxf6 Rh8 29. Rcf1 Rh6 30. Qf2 Kh8 31. Ne4 Rg8 32. Qh4 Nd5 33. Ng5 Qg6
34. Nf7+ Kh7 35. Qf2 Qe6 36. Nxh6 Kxh6 37. Re1 Qe4 38. Rg3 Re8 39. Qf7 Re7 40.
Qf8+ Kh7 41. Qg8+ Kh6 42. Qg5+ Kh7 43. Qxh5# 1-0

[Event "Gibraltar ChallWk2 11th"]
[Site "Gibraltar"]
[Date "2013.??.??"]
[Round "1.26"]
[White "Meyer, Thorlejf"]
[Black "Janev, Pavel"]
[Result "0-1"]
[WhiteElo "1944"]
[BlackElo "2126"]
[PlyCount "56"]
[EventDate "2013.01.26"]
[EventType "swiss"]
[EventRounds "5"]
[EventCountry "GGB"]
[SourceTitle "BritBase"]
[Source "www.saund.co.uk"]
[SourceDate "2018.02.10"]
[SourceVersion "1"]
[SourceVersionDate "2018.02.10"]
[SourceQuality "1"]

1. e4 c5 2. Nf3 Nc6 3. d4 cxd4 4. Nxd4 e5 5. Nb5 d6 6. N1c3 a6 7. Na3 b5 8. Nd5
Nge7 9. c4 Nxd5 10. exd5 Nd4 11. Nc2 Nxc2+ 12. Qxc2 Bd7 13. b3 Be7 14. Bd3 g6
15. O-O f5 16. f3 O-O 17. Be3 Bg5 18. f4 exf4 19. Bxf4 Bxf4 20. Rxf4 Qb6+ 21.
Kh1 Rae8 22. Raf1 b4 23. h3 a5 24. R4f2 Re3 25. Re2 Rfe8 26. Rfe1 Kf7 27. c5
Rxe2 28. cxb6 Rxc2 0-1

[Event "Gibraltar ChallWk2 11th"]
[Site "Gibraltar"]
[Date "2013.01.26"]
[Round "1.26"]
[White "Adebajo, Olufemi"]
[Black "Romero Valencia, Fernando"]
[Result "1/2-1/2"]
[WhiteElo "1949"]
[BlackElo "1961"]
[PlyCount "112"]
[EventDate "2013.01.26"]
[EventType "swiss"]
[EventRounds "5"]
[EventCountry "GGB"]
[SourceTitle "BritBase"]
[Source "www.saund.co.uk"]
[SourceDate "2018.02.10"]
[SourceVersion "1"]
[SourceVersionDate "2018.02.10"]
[SourceQuality "1"]

1. e4 d6 2. d4 Nf6 3. Nc3 Nbd7 4. f4 e5 5. Nf3 exd4 6. Qxd4 g6 7. Bc4 Bg7 8.
Bxf7+ Kxf7 9. Ng5+ Ke8 10. Qc4 Qe7 11. O-O Nb6 12. Qd3 h6 13. Nf3 Be6 14. Nd5
Nfxd5 15. exd5 Bf5 16. Qb3 Kf7 17. a4 Rab8 18. a5 Nd7 19. Re1 Qd8 20. Be3 b6
21. axb6 axb6 22. Bd4 Nf6 23. Nh4 Qd7 24. Ra7 Ne4 25. Rxe4 Bxe4 26. Bxg7 Rhc8
27. Qc3 Ra8 28. Bxh6 Kg8 29. Rxa8 Rxa8 30. h3 Qf7 31. Qd4 Kh7 32. Qxe4 Kxh6 33.
f5 Re8 34. Qg4 g5 35. Nf3 Qf6 36. h4 gxh4 37. Qf4+ Kh5 38. g4+ hxg3 39. Qxg3
Qxf5 40. Qh2+ Kg4 41. Qg2+ Kf4 42. Nd4 Qe4 43. Qh2+ Kg4 44. Qg2+ Qxg2+ 45. Kxg2
Re5 46. Kf2 Rxd5 47. Ke3 Re5+ 48. Kd3 Kf4 49. b4 Rd5 50. c4 Rxd4+ 51. Kxd4 c6
52. b5 c5+ 53. Kd5 Ke3 54. Kxd6 Kd4 55. Kc6 Kxc4 56. Kxb6 Kd5 1/2-1/2

[Event "Gibraltar ChallWk2 11th"]
[Site "Gibraltar"]
[Date "2013.01.26"]
[Round "1.27"]
[White "Pinho, Paulo"]
[Black "Georgieva, Emilia"]
[Result "1-0"]
[WhiteElo "2128"]
[BlackElo "1949"]
[PlyCount "115"]
[EventDate "2013.01.26"]
[EventType "swiss"]
[EventRounds "5"]
[EventCountry "GGB"]
[SourceTitle "BritBase"]
[Source "www.saund.co.uk"]
[SourceDate "2018.02.10"]
[SourceVersion "1"]
[SourceVersionDate "2018.02.10"]
[SourceQuality "1"]

1. d4 c6 2. c4 d5 3. Nf3 a6 4. g3 Nf6 5. Bg2 Bf5 6. Nc3 e6 7. Nh4 Bg6 8. Nxg6
hxg6 9. Qd3 Bd6 10. Bg5 Qa5 11. c5 Be7 12. O-O Nbd7 13. Rab1 b5 14. b4 Qd8 15.
e4 dxe4 16. Nxe4 Nxe4 17. Bxe7 Qxe7 18. Bxe4 Rc8 19. Qf3 Nb8 20. Rfe1 Qf6 21.
d5 Qxf3 22. Bxf3 cxd5 23. Bxd5 Ke7 24. Bf3 Rhd8 25. Red1 Rxd1+ 26. Rxd1 Rd8 27.
Rxd8 Kxd8 28. Kf1 Kc7 29. Ke2 Nd7 30. Ke3 Ne5 31. Be2 Nc6 32. a3 Ne7 33. Kd4
Nc6+ 34. Kc3 e5 35. h4 f6 36. a4 Na7 37. axb5 axb5 38. Bf3 Nc8 39. Bd5 Kd7 40.
f4 Ne7 41. Bg2 Kc7 42. fxe5 fxe5 43. g4 Ng8 44. g5 Ne7 45. Be4 Kd7 46. Kd3 Kc7
47. Ke3 Kd7 48. Kf3 Kc7 49. Kg4 Kd7 50. Kf3 Kc7 51. Kf2 Kd7 52. Ke2 Kc7 53. Kf3
Kd7 54. Bd3 Kc6 55. Ke4 Nf5 56. Kxe5 Nxh4 57. Be4+ Kc7 58. Kf4 1-0

[Event "Gibraltar ChallWk2 11th"]
[Site "Gibraltar"]
[Date "2013.01.26"]
[Round "1.29"]
[White "Erdelyi, Tamas"]
[Black "Perez Garcia, Alejandro"]
[Result "1-0"]
[WhiteElo "2122"]
[BlackElo "1938"]
[PlyCount "99"]
[EventDate "2013.01.26"]
[EventType "swiss"]
[EventRounds "5"]
[EventCountry "GGB"]
[SourceTitle "BritBase"]
[Source "www.saund.co.uk"]
[SourceDate "2018.02.10"]
[SourceVersion "1"]
[SourceVersionDate "2018.02.10"]
[SourceQuality "1"]

1. Nf3 Nf6 2. c4 e6 3. g3 d5 4. Bg2 Be7 5. O-O O-O 6. b3 c5 7. Bb2 Nc6 8. cxd5
Nxd5 9. Nc3 Bf6 10. Qc2 Nxc3 11. dxc3 Qc7 12. Nd2 b6 13. Ne4 Be7 14. b4 Bb7 15.
b5 Ne5 16. c4 f6 17. Bh3 f5 18. Nd2 Rad8 19. Rad1 Bf6 20. Rfe1 g5 21. Bg2 Bxg2
22. Kxg2 Qb7+ 23. Kg1 g4 24. Nf1 Qg7 25. Ne3 Ng6 26. Bxf6 Qxf6 27. Qa4 Qg7 28.
Rxd8 Rxd8 29. Rd1 Rd4 30. Qa3 Rxd1+ 31. Nxd1 Qd4 32. Ne3 f4 33. Nxg4 Qd1+ 34.
Kg2 Qxe2 35. Qf3 Qxc4 36. Qa8+ Nf8 37. Qxa7 Qd5+ 38. f3 Qd2+ 39. Kh3 fxg3 40.
hxg3 Qg5 41. Qxb6 h5 42. Nf2 Qf5+ 43. Kg2 c4 44. Qc6 Qd5 45. Ne4 Nd7 46. Qxd7
Qxd7 47. Nf6+ Kg7 48. Nxd7 c3 49. Nc5 c2 50. Nd3 1-0

[Event "Gibraltar ChallWk2 11th"]
[Site "Gibraltar"]
[Date "2013.01.26"]
[Round "1.30"]
[White "Becham, Khalid"]
[Black "Dasaolu, Rotimi"]
[Result "1-0"]
[WhiteElo "1929"]
[BlackElo "2115"]
[PlyCount "81"]
[EventDate "2013.01.26"]
[EventType "swiss"]
[EventRounds "5"]
[EventCountry "GGB"]
[SourceTitle "BritBase"]
[Source "www.saund.co.uk"]
[SourceDate "2018.02.10"]
[SourceVersion "1"]
[SourceVersionDate "2018.02.10"]
[SourceQuality "1"]

1. e4 c5 2. Nf3 d6 3. Bb5+ Bd7 4. Bxd7+ Qxd7 5. O-O Nc6 6. c3 Nf6 7. Qe2 e5 8.
Rd1 Be7 9. h3 O-O 10. d4 Qc7 11. Na3 Rfe8 12. dxc5 dxc5 13. Bg5 Rad8 14. Bxf6
Bxf6 15. Nc4 Ne7 16. Rxd8 Rxd8 17. Rd1 Ng6 18. g3 b5 19. Rxd8+ Bxd8 20. Ne3 Qd7
21. Kg2 c4 22. Nd5 f6 23. b3 cxb3 24. axb3 Ne7 25. Qd3 Kf7 26. h4 a5 27. c4
bxc4 28. Qxc4 Qc6 29. Qd3 Qd7 30. Nd2 Nc6 31. Qb5 Ke8 32. Nc4 Bc7 33. Nxc7+
Qxc7 34. Nxa5 Qxa5 35. Qxc6+ Ke7 36. Qb7+ Kf8 37. b4 Qa3 38. b5 Qd3 39. b6 g6
40. Qc6 f5 41. b7 1-0

[Event "Gibraltar ChallWk2 11th"]
[Site "Gibraltar"]
[Date "2013.01.26"]
[Round "1.31"]
[White "Byrn, Carsten"]
[Black "Lochte, Szilvia"]
[Result "1/2-1/2"]
[WhiteElo "2114"]
[BlackElo "1923"]
[PlyCount "75"]
[EventDate "2013.01.26"]
[EventType "swiss"]
[EventRounds "5"]
[EventCountry "GGB"]
[SourceTitle "BritBase"]
[Source "www.saund.co.uk"]
[SourceDate "2018.02.10"]
[SourceVersion "1"]
[SourceVersionDate "2018.02.10"]
[SourceQuality "1"]

1. d4 Nf6 2. c4 e6 3. Nc3 Bb4 4. Nf3 O-O 5. g3 d5 6. Bg2 c5 7. cxd5 Nxd5 8. Bd2
Nc6 9. Nxd5 Qxd5 10. dxc5 Qxc5 11. Rc1 Qa5 12. a3 Bxd2+ 13. Qxd2 Qxd2+ 14. Nxd2
Bd7 15. Nb3 Rac8 16. O-O b6 17. Rfd1 Ne5 18. Bb7 Rb8 19. Ba6 Ba4 20. Rc3 b5 21.
Rdc1 b4 22. axb4 Rxb4 23. Nc5 Bb5 24. Bxb5 Rxb5 25. b3 g6 26. h3 g5 27. Re3 Ng6
28. Nd7 Rd8 29. Rc7 a5 30. Rd3 Kg7 31. Rf3 Rxd7 32. Rxd7 Ne5 33. Rdd3 Nxf3+ 34.
Rxf3 h5 35. Kg2 f5 36. Rc3 Kf6 37. e3 Rb4 38. Rc5 1/2-1/2

[Event "Gibraltar ChallWk2 11th"]
[Site "Gibraltar"]
[Date "2013.01.26"]
[Round "1.32"]
[White "Gravett, Alan D"]
[Black "Cawley, Paul F"]
[Result "0-1"]
[WhiteElo "1869"]
[BlackElo "2113"]
[PlyCount "40"]
[EventDate "2013.01.26"]
[EventType "swiss"]
[EventRounds "5"]
[EventCountry "GGB"]
[SourceTitle "BritBase"]
[Source "www.saund.co.uk"]
[SourceDate "2018.02.10"]
[SourceVersion "1"]
[SourceVersionDate "2018.02.10"]
[SourceQuality "1"]

1. g3 e5 2. Bg2 Nf6 3. Nf3 Nc6 4. d3 d5 5. O-O Be7 6. a4 O-O 7. Na3 h6 8. e4
dxe4 9. dxe4 Be6 10. Qxd8 Raxd8 11. Re1 a6 12. h3 Nd4 13. Nxd4 Rxd4 14. b3 Bb4
15. Bb2 Rd2 16. Red1 Rfd8 17. Rxd2 Rxd2 18. Bxe5 Bc5 19. Bxc7 Bxf2+ 20. Kf1 Bd4
0-1

[Event "Gibraltar ChallWk2 11th"]
[Site "Gibraltar"]
[Date "2013.01.26"]
[Round "1.33"]
[White "Poulsen, Klaus E"]
[Black "Haddock, Paul"]
[Result "1-0"]
[WhiteElo "2113"]
[BlackElo "1674"]
[PlyCount "37"]
[EventDate "2013.01.26"]
[EventType "swiss"]
[EventRounds "5"]
[EventCountry "GGB"]
[SourceTitle "BritBase"]
[Source "www.saund.co.uk"]
[SourceDate "2018.02.10"]
[SourceVersion "1"]
[SourceVersionDate "2018.02.10"]
[SourceQuality "1"]

1. e4 e5 2. d4 exd4 3. Qxd4 Nc6 4. Qe3 d6 5. Nc3 Nf6 6. Bd2 Be6 7. O-O-O Be7 8.
f4 Ng4 9. Qe1 O-O 10. h3 Nf6 11. f5 Bd7 12. Nf3 a6 13. g4 b5 14. g5 Ne8 15. Nd5
f6 16. Rg1 Ne5 17. Nxe5 dxe5 18. g6 h6 19. Qh4 1-0

[Event "Gibraltar ChallWk2 11th"]
[Site "Gibraltar"]
[Date "2013.01.26"]
[Round "1.34"]
[White "Berg, Soren"]
[Black "Uran Bermudez, Oliver Kevin"]
[Result "1-0"]
[WhiteElo "2152"]
[BlackElo "2113"]
[PlyCount "115"]
[EventDate "2013.01.26"]
[EventType "swiss"]
[EventRounds "5"]
[EventCountry "GGB"]
[SourceTitle "BritBase"]
[Source "www.saund.co.uk"]
[SourceDate "2018.02.10"]
[SourceVersion "1"]
[SourceVersionDate "2018.02.10"]
[SourceQuality "1"]

1. e4 e6 2. d4 d5 3. Nc3 c6 4. e5 b6 5. f4 Ne7 6. Nf3 Nf5 7. Bd3 g6 8. Qe2 a5
9. O-O Ba6 10. g4 Ng7 11. Nd1 Bxd3 12. Qxd3 h5 13. h3 Na6 14. c3 Qd7 15. Ne3
Be7 16. Bd2 Nc7 17. Rf2 hxg4 18. hxg4 O-O-O 19. Kg2 Rdg8 20. a4 f5 21. exf6
Bxf6 22. Ne5 Bxe5 23. fxe5 Qe7 24. Raf1 Nf5 25. Nxf5 gxf5 26. g5 Rh4 27. Rf3 f4
28. Bxf4 Rxf4 29. Rxf4 Qxg5+ 30. Kf3 Qg2+ 31. Ke3 Rg3+ 32. R4f3 Rg4 33. R1f2
Qg1 34. Qf1 Re4+ 35. Kd2 Qg5+ 36. Kc2 Rg4 37. Rf8+ Kb7 38. R2f7 Rg2+ 39. Kb3
Qg6 40. Rf2 Rxf2 41. Rxf2 c5 42. dxc5 bxc5 43. Rf7 c4+ 44. Ka2 Qc2 45. Rxc7+
Kxc7 46. Qf7+ Kd8 47. Qf8+ Kd7 48. Qd6+ Ke8 49. Qxe6+ Kf8 50. Qd6+ Kg7 51. Qxd5
Qxa4+ 52. Kb1 Qb3 53. Qd7+ Kh6 54. e6 a4 55. e7 a3 56. Qd2+ Kg7 57. e8=Q a2+
58. Ka1 1-0

[Event "Gibraltar ChallWk2 11th"]
[Site "Gibraltar"]
[Date "2013.01.26"]
[Round "1.36"]
[White "Bryn, Askild"]
[Black "Pena Riasco, Alexander"]
[Result "1-0"]
[WhiteElo "2019"]
[BlackElo "2156"]
[PlyCount "95"]
[EventDate "2013.01.26"]
[EventType "swiss"]
[EventRounds "5"]
[EventCountry "GGB"]
[SourceTitle "BritBase"]
[Source "www.saund.co.uk"]
[SourceDate "2018.02.10"]
[SourceVersion "1"]
[SourceVersionDate "2018.02.10"]
[SourceQuality "1"]

1. e4 d5 2. e5 Bf5 3. f4 e6 4. Nf3 c5 5. d4 Nc6 6. c3 Qb6 7. a3 Nh6 8. b4 cxd4
9. Nxd4 Nxd4 10. Qxd4 Qxd4 11. Bb5+ Kd8 12. cxd4 Rc8 13. Nd2 Be7 14. h3 Bh4+
15. Ke2 Rc3 16. g4 a6 17. Ba4 Bd3+ 18. Kd1 b5 19. Bb3 Bg3 20. Bb2 Rc7 21. f5
Bf4 22. Nf3 Be4 23. Rf1 exf5 24. g5 Ng8 25. Nh4 Bxg5 26. Nxf5 Nh6 27. Nd6 Bg2
28. Rf2 Bxh3 29. Bxd5 Ng4 30. Nxf7+ Rxf7 31. Rxf7 Ne3+ 32. Ke2 Nxd5 33. Rxg7
Nf4+ 34. Kf3 Rf8 35. Rxh7 Nd3+ 36. Kg3 Bf5 37. Ra7 Nxb2 38. d5 Be4 39. Ra8+ Ke7
40. d6+ Ke6 41. Rxf8 Kxe5 42. Re8+ Kd4 43. Kg4 Bf6 44. d7 Bc6 45. d8=Q+ Bxd8
46. Rxd8+ Ke5 47. Re1+ Kf6 48. Rd6+ 1-0

[Event "Gibraltar ChallWk2 11th"]
[Site "Gibraltar"]
[Date "2013.01.26"]
[Round "1.37"]
[White "Ramirez Dominguez, Agustin"]
[Black "Hutton, Jack"]
[Result "0-1"]
[WhiteElo "2115"]
[BlackElo "2017"]
[PlyCount "44"]
[EventDate "2013.01.26"]
[EventType "swiss"]
[EventRounds "5"]
[EventCountry "GGB"]
[SourceTitle "BritBase"]
[Source "www.saund.co.uk"]
[SourceDate "2018.02.10"]
[SourceVersion "1"]
[SourceVersionDate "2018.02.10"]
[SourceQuality "1"]

1. e4 e6 2. f4 d5 3. exd5 exd5 4. Nf3 Nf6 5. d4 Bd6 6. Bd3 O-O 7. O-O c5 8. c3
Nc6 9. Ne5 cxd4 10. Nxc6 bxc6 11. cxd4 Qb6 12. Kh1 Bg4 13. Qa4 Rfe8 14. Nc3 Ne4
15. Bxe4 dxe4 16. f5 e3 17. h3 e2 18. Re1 Bg3 19. Bf4 Bxf4 20. hxg4 Qd8 21.
Nxe2 Qh4+ 22. Kg1 Be3+ 0-1

[Event "Gibraltar ChallWk2 11th"]
[Site "Gibraltar"]
[Date "2013.01.27"]
[Round "2.1"]
[White "Kvisla, Johannes Luangtep"]
[Black "Meszaros, Gyula"]
[Result "0-1"]
[WhiteElo "2148"]
[BlackElo "2248"]
[PlyCount "172"]
[EventDate "2013.01.26"]
[EventType "swiss"]
[EventRounds "5"]
[EventCountry "GGB"]
[SourceTitle "BritBase"]
[Source "www.saund.co.uk"]
[SourceDate "2018.02.10"]
[SourceVersion "1"]
[SourceVersionDate "2018.02.10"]
[SourceQuality "1"]

1. e4 e6 2. d4 d5 3. Nd2 Nf6 4. e5 Nfd7 5. Bd3 c5 6. c3 Nc6 7. Ne2 cxd4 8. cxd4
f6 9. exf6 Nxf6 10. Nf3 Qb6 11. O-O Bd6 12. Bf4 Bxf4 13. Nxf4 O-O 14. Re1 Qxb2
15. Nxe6 Bxe6 16. Rxe6 Rae8 17. Rxe8 Rxe8 18. Rb1 Qc3 19. Rb3 Qa5 20. Rb5 Qc7
21. h3 Re7 22. Rb1 Qa5 23. Qb3 g6 24. Rd1 Kg7 25. Bf1 Qb4 26. Qxb4 Nxb4 27. a3
Nc6 28. Bb5 Nd8 29. Rc1 Ne6 30. g3 Rc7 31. Re1 Kf7 32. Kg2 Rc3 33. Re3 Rc1 34.
Ne5+ Ke7 35. Nd3 Rc3 36. Nf4 Rxe3 37. fxe3 Nc7 38. Bd3 g5 39. Ne2 Nce8 40. Nc3
h6 41. Kf3 Nd6 42. a4 Kd7 43. Ke2 Kc6 44. Kd2 Kb6 45. Kc2 Ka5 46. Kb3 a6 47.
Bf1 Nf5 48. Bg2 Nxe3 49. Bf3 Kb6 50. Ne2 Nc4 51. Kc3 Nd6 52. Bg2 Nde4+ 53. Kb3
Nh5 54. Bxe4 dxe4 55. Kc4 Kc6 56. d5+ Kd6 57. Kd4 Nf6 58. Nc3 e3 59. a5 Nxd5
60. Ne4+ Kc6 61. Kd3 Kb5 62. Nd6+ Kxa5 63. Nxb7+ Kb4 64. Nd8 Kb3 65. Nf7 a5 66.
Nxh6 a4 67. Nf5 a3 68. Nd4+ Kb2 69. Nc2 a2 70. h4 e2 71. hxg5 e1=Q 72. Nxe1
a1=Q 73. Ke2 Nc3+ 74. Kf2 Ne4+ 75. Ke2 Nxg3+ 76. Kf2 Ne4+ 77. Ke2 Qa6+ 78. Ke3
Nxg5 79. Nd3+ Kc3 80. Nf4 Qa7+ 81. Ke2 Qe7+ 82. Kd1 Qd6+ 83. Ke1 Qxf4 84. Ke2
Qf3+ 85. Ke1 Qg2 86. Kd1 Qd2# 0-1

[Event "Gibraltar ChallWk2 11th"]
[Site "Gibraltar"]
[Date "2013.01.27"]
[Round "2.2"]
[White "Jameson, David"]
[Black "Nikolaidis, Konstantinos"]
[Result "0-1"]
[WhiteElo "2143"]
[BlackElo "2233"]
[PlyCount "90"]
[EventDate "2013.01.26"]
[EventType "swiss"]
[EventRounds "5"]
[EventCountry "GGB"]
[SourceTitle "BritBase"]
[Source "www.saund.co.uk"]
[SourceDate "2018.02.10"]
[SourceVersion "1"]
[SourceVersionDate "2018.02.10"]
[SourceQuality "1"]

1. d4 Nf6 2. c4 e6 3. Nf3 b6 4. Nc3 Bb4 5. Bd2 Bb7 6. e3 O-O 7. Bd3 d5 8. cxd5
exd5 9. O-O Nbd7 10. Rc1 a6 11. Qe2 Re8 12. h3 Bd6 13. Rfd1 Ne4 14. Be1 f5 15.
Nd2 Qf6 16. Qf3 Qe6 17. Qe2 Kh8 18. Bc2 Ndf6 19. Bb3 g5 20. f3 Ng3 21. Bxg3
Bxg3 22. Nf1 Bd6 23. Re1 Re7 24. Qd3 Rae8 25. Bc2 Bc8 26. Rcd1 b5 27. a3 Qf7
28. Re2 Qh5 29. Rde1 Qh4 30. Rf2 g4 31. hxg4 fxg4 32. f4 Ne4 33. Nxe4 dxe4 34.
Qc3 g3 35. Rd2 Rg7 36. d5 Kg8 37. Rd4 Bf5 38. Qc6 Ree7 39. Qxa6 Rg6 40. Qxb5
Rh6 41. Nxg3 Qxg3 42. Qe2 Rh2 43. Qd2 Qh4 44. Kf1 Rh1+ 45. Ke2 Bg4# 0-1

[Event "Gibraltar ChallWk2 11th"]
[Site "Gibraltar"]
[Date "2013.01.27"]
[Round "2.3"]
[White "Vea, Odin Blikra"]
[Black "Pinho, Paulo"]
[Result "0-1"]
[WhiteElo "2233"]
[BlackElo "2128"]
[PlyCount "114"]
[EventDate "2013.01.26"]
[EventType "swiss"]
[EventRounds "5"]
[EventCountry "GGB"]
[SourceTitle "BritBase"]
[Source "www.saund.co.uk"]
[SourceDate "2018.02.10"]
[SourceVersion "1"]
[SourceVersionDate "2018.02.10"]
[SourceQuality "1"]

1. e4 c5 2. Nf3 e6 3. d4 cxd4 4. Nxd4 Nf6 5. Nc3 d6 6. Be3 Be7 7. g4 Nc6 8. g5
Nd7 9. h4 O-O 10. Qd2 Nde5 11. Be2 a6 12. O-O-O b5 13. Nxc6 Nxc6 14. Kb1 Bb7
15. f4 Qa5 16. Bg4 b4 17. Ne2 b3 18. Qxa5 Nxa5 19. Nc3 bxc2+ 20. Kxc2 Rac8 21.
Bf3 Nc4 22. Bc1 f6 23. Rh3 f5 24. exf5 Bxf3 25. Rxf3 Rxf5 26. Kb1 d5 27. Ne2
Bc5 28. Rb3 Rf7 29. h5 g6 30. Rh1 Rcc7 31. Rbh3 Kf8 32. hxg6 hxg6 33. f5 Rxf5
34. Nf4 Ke7 35. Rh7+ Kd6 36. Rxc7 Kxc7 37. Nxe6+ Kd6 38. Re1 d4 39. Nf4 Ne5 40.
Bd2 Nf3 41. Re6+ Kd7 42. Rxa6 Nxd2+ 43. Kc2 Nc4 44. Nd3 Rxg5 45. Kb3 Nd6 46.
Ra5 Kc6 47. Nb4+ Kb6 48. Ra6+ Kb7 49. Ra5 Rg3+ 50. Ka4 Bxb4 51. Kxb4 Kc6 52.
Rc5+ Kb6 53. a4 d3 54. a5+ Kb7 55. Rd5 Ne4 56. Rd4 d2 57. Kc4 Rg1 0-1

[Event "Gibraltar ChallWk2 11th"]
[Site "Gibraltar"]
[Date "2013.01.27"]
[Round "2.4"]
[White "Galvan, Jesus"]
[Black "Erdelyi, Tamas"]
[Result "1-0"]
[WhiteElo "2231"]
[BlackElo "2122"]
[PlyCount "91"]
[EventDate "2013.01.26"]
[EventType "swiss"]
[EventRounds "5"]
[EventCountry "GGB"]
[SourceTitle "BritBase"]
[Source "www.saund.co.uk"]
[SourceDate "2018.02.10"]
[SourceVersion "1"]
[SourceVersionDate "2018.02.10"]
[SourceQuality "1"]

1. d4 Nf6 2. Nc3 d5 3. Bg5 Nbd7 4. f3 c5 5. e4 cxd4 6. Qxd4 e5 7. Qa4 d4 8. Nd5
Be7 9. Nxe7 Qxe7 10. O-O-O O-O 11. f4 exf4 12. Nf3 Qxe4 13. Rxd4 Qe3+ 14. Kb1
Nb6 15. Qa5 Qe6 16. Bd3 Nh5 17. Be7 Qxe7 18. Bxh7+ Kxh7 19. Qxh5+ Kg8 20. Ng5
Bf5 21. Rxf4 Bg6 22. Qh3 Qxg5 23. Rh4 f6 24. Rd1 Rfe8 25. Rh8+ Kf7 26. Qb3+ Qd5
27. Rxd5 Rxh8 28. Rg5+ Kf8 29. Rxg6 Re8 30. a4 Re7 31. Rg4 Rxh2 32. a5 Rh1+ 33.
Ka2 Nd7 34. Rd4 b6 35. Qb5 Ne5 36. a6 Re1 37. g4 Nf7 38. Qc6 R1e5 39. b4 Kg8
40. Kb2 Kh7 41. Rd7 Ng5 42. Qh1+ Kg8 43. Qa8+ Kf7 44. Qxa7 b5 45. Rxe7+ Rxe7
46. Qxe7+ 1-0

[Event "Gibraltar ChallWk2 11th"]
[Site "Gibraltar"]
[Date "2013.01.27"]
[Round "2.5"]
[White "Janev, Pavel"]
[Black "Bird, Andrew"]
[Result "1-0"]
[WhiteElo "2126"]
[BlackElo "2223"]
[PlyCount "163"]
[EventDate "2013.01.26"]
[EventType "swiss"]
[EventRounds "5"]
[EventCountry "GGB"]
[SourceTitle "BritBase"]
[Source "www.saund.co.uk"]
[SourceDate "2018.02.10"]
[SourceVersion "1"]
[SourceVersionDate "2018.02.10"]
[SourceQuality "1"]

1. e4 e5 2. Nf3 Nc6 3. Nc3 Nf6 4. Bb5 Bb4 5. Nd5 Nxd5 6. exd5 e4 7. dxc6 bxc6
8. Ba4 exf3 9. Qxf3 Ba6 10. Qe4+ Be7 11. d3 Rb8 12. Bb3 O-O 13. O-O Rb4 14. Qe3
c5 15. Bd2 Rg4 16. Qf3 Rg6 17. Bc3 c6 18. Rfe1 d5 19. Be5 Bc8 20. Bg3 Bg4 21.
Qe3 Be6 22. c4 h5 23. Bf4 Bd6 24. Bxd6 Qxd6 25. Qe5 Qd7 26. Rac1 Rc8 27. h4 Bg4
28. Qe3 d4 29. Qe7 Qf5 30. Qe5 Qd7 31. Kh2 Qd8 32. g3 Rf6 33. Kg1 Qd7 34. Qxc5
Bf3 35. Kh2 Bg4 36. Kg1 Bf3 37. Bd1 Qg4 38. Qg5 Bxd1 39. Rcxd1 Qxg5 40. hxg5
Rf5 41. Re4 Rxg5 42. Rxd4 Ra5 43. a3 Rb8 44. Rd2 Re5 45. Rd7 a5 46. Rc7 Rb6 47.
Kf1 g5 48. d4 Rf5 49. c5 Ra6 50. Rb7 h4 51. Kg2 hxg3 52. fxg3 a4 53. Rf2 Rd5
54. Rfxf7 Rxd4 55. Rfc7 Ra8 56. Rxc6 g4 57. Rd6 Rc4 58. Rb4 Rc2+ 59. Kf1 Rf8+
60. Ke1 Rcf2 61. Rxg4+ Kh7 62. Rf4 R8xf4 63. gxf4 Rxf4 64. Kd2 Rc4 65. Kd3 Rxc5
66. Rd4 Ra5 67. Kc4 Ra8 68. Kb5 Rb8+ 69. Kxa4 Rxb2 70. Rg4 Rf2 71. Kb4 Rb2+ 72.
Ka5 Rf2 73. a4 Rf5+ 74. Kb4 Rf8 75. a5 Rf6 76. Ka4 Kh8 77. Rc4 Kg7 78. Kb5 Kf8
79. a6 Rf5+ 80. Rc5 Rf1 81. a7 Rb1+ 82. Ka6 1-0